| 000 | 00000nam##2200000za#4500 |
| 001 | 9.641881 |
| 003 | CaOODSP |
| 005 | 20210624223429 |
| 007 | cr ||||||||||| |
| 008 | 150407|2010||||xxc|||||o f|0| 0 fre|d |
| 040 | |aCaOODSP|bfre |
| 043 | |an-cn--- |
| 086 | 1 |aEn108-4/60-2010F-PDF |
| 110 | 1 |aCanada.|bConseil canadien des ministres de l'environnement. |
| 245 | 10|aDocument d'orientation technique sur la valeur de l'eau |h[ressource électronique] |
| 260 | |aWinnipeg - Manitoba : |bConseil canadien des ministres de l'environnement |cc2010. |
| 300 | |a140p. |
| 590 | |a13-13-Supp|b2013-05-21 |
| 775 | 08|tWater valuation guidance document |w(CaOODSP)9.697887 |
| 856 | 40|ahttp://publications.gc.ca|qPDF|s541 Ko|uhttps://publications.gc.ca/collections/collection_2013/ccme/En108-4-60-2010-fra.pdf |
| 986 | |aPN 1444 |